Statistics for maths in 90 seconds

Click here to take the quiz!

General Stats

  • This quiz has been taken 217 times
  • The average score is 13 of 14

Answer Stats

questionAnswer% Correct
11
100%
5x210
100%
10+111
100%
1+12
100%
2+24
100%
2+35
100%
3+36
100%
3+47
100%
2x48
100%
5+49
100%
1+23
99%
15000+55515555
97%
bannana+bannanabannana
69%
die add diedie
68%

Score Distribution

Percentile by Number Answered

Percent of People with Each Score

Your Score History

You have not taken this quiz